000 00373nam a2200157Ia 4500
003 Ost
005 20260225132552.0
008 260225s9999||||xx |||||||||||||| ||und||
040 _cfsic
041 _afre
082 _a440
100 _aUnesco
_eAuteur
245 0 _aIntroduction à l'analyse politique en science et technologie /
245 0 _cUnesco
942 _cكتاب
999 _c34233
_d34233